Southville International School and Colleges
Your cart is empty.
  • Cart
  • Lists
    Public lists Eva Luna New books Lux_list list_1
    Your lists Log in to create your own lists
  • Log in to your account
  • Your cookies
  • Search history
Southville International School and Colleges
  • Advanced search
  • Recent comments
  • Most popular
  • Libraries

Log in to your account

Log in with GOOGLE


If you do not have an external account, but do have a local account, you can still log in:

  1. Home
  2. MARC view: Environmental and Resource Economics :
Normal view MARC view ISBD view

Environmental and Resource Economics : (Record no. 366603)

[ view plain ]
MARC details
000 -LEADER
fixed length control field 01991nam a22002537a 4500
003 - CONTROL NUMBER IDENTIFIER
control field 0
005 - DATE AND TIME OF LATEST TRANSACTION
control field 20241019132944.0
008 - FIXED-LENGTH DATA ELEMENTS--GENERAL INFORMATION
fixed length control field 241019b xxu||||| |||| 00| 0 eng d
020 ## - INTERNATIONAL STANDARD BOOK NUMBER
International Standard Book Number 9789811272875
050 ## - LIBRARY OF CONGRESS CALL NUMBER
Classification number HD 75.6
Item number .K37 2024
100 ## - MAIN ENTRY--PERSONAL NAME
Personal name Kaplan, Scott,
Relator term author.
245 ## - TITLE STATEMENT
Title Environmental and Resource Economics :
Remainder of title theory and practice /
Statement of responsibility, etc Scott Kaplan, David Wells Roland-Holst, David Zilberman.
260 ## - PUBLICATION, DISTRIBUTION, ETC. (IMPRINT)
Place of publication, distribution, etc Singapore :
Name of publisher, distributor, etc World Scientific Publishing Co. Pte. Ltd.,
Date of publication, distribution, etc 2024.
300 ## - PHYSICAL DESCRIPTION
Extent xv, 372 p. :
Other physical details ill. ;
Dimensions 23 cm.
440 ## - SERIES STATEMENT/ADDED ENTRY--TITLE
Title
490 ## - SERIES STATEMENT
Series statement World scientific lecture notes in economics and policy,
Volume number/sequential designation Vol. 17
504 ## - BIBLIOGRAPHY, ETC. NOTE
Bibliography, etc includes index.
520 ## - SUMMARY, ETC.
Summary, etc "Modern society is currently facing a cascade of environmental crises. Moving forward, it will be the job of current and future generations to develop sound and creative approaches to addressing them. This book attempts to provide insight into the ways in which society can confront modern agricultural, environmental, and resource challenges. In particular, it provides an economic lens with which to examine and confront these issues. The first part of the book introduces a general economic framework that can be used to analyze these issues. Subsequent chapters rely on this framework to introduce and explain specific concepts in agricultural, environmental, and resource economics, including (but not limited to) non-renewable and renewable resource management, pesticide use, and climate change. The book develops quantitative tools that the readership can use to analyze and better understand the complexities of these challenges. Each chapter includes specific applications, and an accompanying Appendix includes a longer list of practice problems that can be brought into courses as exercises"--Provided by publisher.
650 ## - SUBJECT ADDED ENTRY--TOPICAL TERM
Topical term or geographic name as entry element Environmental economics.
650 ## - SUBJECT ADDED ENTRY--TOPICAL TERM
Topical term or geographic name as entry element Sustainable development.
700 ## - ADDED ENTRY--PERSONAL NAME
Personal name Roland-Holst, David W.,
Relator term author.
700 ## - ADDED ENTRY--PERSONAL NAME
Personal name Zilberman, David,
Relator term author.
942 ## - ADDED ENTRY ELEMENTS (KOHA)
Source of classification or shelving scheme Library of Congress Classification
Koha item type Books
Holdings
Withdrawn status Lost status Source of classification or shelving scheme Damaged status Home library Current library Shelving location Date acquired Source of acquisition Sub Shelving location Total Checkouts Full call number Barcode Date last seen Price effective from Koha item type
    Library of Congress Classification   College Library College Library Reserve Section 10/19/2024 Library Fund     HD 75.6 .K37 2024 C23852 10/19/2024 10/19/2024 Books

Environmental and Resource Economics :

APA

Kaplan S., Roland-Holst D. W. & Zilberman D. (2024). Environmental and Resource Economics. Singapore: World Scientific Publishing Co. Pte. Ltd.

Chicago

Kaplan Scott, Roland-Holst David W and Zilberman David. 2024. Environmental and Resource Economics. Singapore: World Scientific Publishing Co. Pte. Ltd.

Harvard

Kaplan S., Roland-Holst D. W. and Zilberman D. (2024). Environmental and Resource Economics. Singapore: World Scientific Publishing Co. Pte. Ltd.

MLA

Kaplan Scott, Roland-Holst David W and Zilberman David. Environmental and Resource Economics. Singapore: World Scientific Publishing Co. Pte. Ltd. 2024.

  • Place hold
  • Print
  • Cite
  • Add to your cart (remove)
  • Save record
    BIBTEX Dublin Core MARCXML MARC (non-Unicode/MARC-8) MARC (Unicode/UTF-8) MARC (Unicode/UTF-8, Standard) MODS (XML) RIS
  • More searches
    Search for this title in:
    Other Libraries (WorldCat) Other Databases (Google Scholar) Online Stores (Bookfinder.com) Open Library (openlibrary.org)

Exporting to Dublin Core...

SOUTHVILLE LIBRARY

Southville International School and Colleges Library

1281 Tropical Ave. Cor. Luxembourg St., BF Homes International, Las Pinas City

Tel. No. 8256374 / 252358 Loc. 117/146

Powered by Koha